| 000 | 00462nam a2200193Ia 4500 | ||
|---|---|---|---|
| 005 | 20240823041706.0 | ||
| 008 | 240823s9999||||xx |||||||||||||| ||und|| | ||
| 020 | _a81-259-1073-5 | ||
| 041 | _aENGLISH | ||
| 082 | _A513.211 P7 | ||
| 100 | _aArindam Chaudhuri | ||
| 245 | 0 | _aCount your Chickens Before They Hatch | |
| 250 | _a1st | ||
| 260 |
_c2007 _bVikas Publishing H |
||
| 500 | _aYES | ||
| 650 |
_aChickens _bGeneral |
||
| 942 | _cBK | ||
| 999 |
_c206106 _d206106 |
||